| 000 | 00000nam 2200000zi 4500 |
| 001 | 9.924895 |
| 003 | CaOODSP |
| 005 | 20250128113029 |
| 006 | m o d f |
| 007 | cr mn||||||||| |
| 008 | 230710t20232023quca o f000 0 eng d |
| 020 | |a9780660494241 |
| 040 | |aCaOODSP|beng|erda|cCaOODSP |
| 043 | |an-cn--- |
| 086 | 1 |aCW66-1209/2023E-PDF |
| 245 | 00|aWhales and contaminants. |
| 250 | |a[2023 edition]. |
| 264 | 1|a[Gatineau, Quebec] : |bEnvironment and Climate Change Canada = Environnement et changement climatique Canada, |c[2023] |
| 264 | 4|c©2023 |
| 300 | |a1 online resource (1 page) : |bcolour illustrations |
| 336 | |atext|btxt|2rdacontent |
| 337 | |acomputer|bc|2rdamedia |
| 338 | |aonline resource|bcr|2rdacarrier |
| 500 | |aIssued also in French under title: Les baleines et les contaminants. |
| 650 | 0|aWhales|xEffect of water pollution on|zCanada. |
| 650 | 0|aWhales|xConservation|zCanada. |
| 655 | 7|aInfographics|2lcgft |
| 710 | 1 |aCanada. |bEnvironment and Climate Change Canada, |eissuing body. |
| 775 | 08|tLes baleines et les contaminants.|w(CaOODSP)9.924896 |
| 794 | |tWhales and contaminants.|b(2024)|w(CaOODSP)9.939194 |
| 856 | 40|qPDF|s125 KB|uhttps://publications.gc.ca/collections/collection_2023/eccc/cw66/CW66-1209-2023-eng.pdf |